Genshin Impact Surnames - Statistics

General Stats
  • This quiz has been taken 261 times
  • The average score is 14 of 28
Answer Stats
First Name Surname % Correct
Ayaka Kamisato
98%
Ayato Kamisato
98%
Itto Arataki
87%
Shinobu Kuki
87%
Kokomi Sangonomiya
85%
Kazuha Kaedehara
84%
Sara Kujou
83%
Miko Yae
79%
Jin Yun
74%
Heizou Shikanoin
65%
Kaeya Alberich
56%
Eula Lawrence
53%
Furina de Fontaine
52%
Mona Megistus
48%
Diluc Ragnvindr
40%
Jean Gunnhildr
39%
Barbara Pegg
38%
Yoimiya Naganohara
36%
Xiangling Mao
34%
Diona Kätzlein
32%
Lisa Minci
29%
Mika Schmidt
23%
Navia Caspar
22%
Gaming Yip
21%
Dori Sangemah Bay
20%
Freminet Snezhevich
18%
Lyney Snezhevich
18%
Lynette Snezhevna
18%
No matching quizzes found
Score Distribution
Percent of People with Each Score
Percentile by Number Answered
Your Score History
You have not taken this quiz